Evolution / (Record no. 11722)
[ view plain ]
| 000 -LEADER | |
|---|---|
| fixed length control field | 00558nam a22002177a 4500 |
| 001 - CONTROL NUMBER | |
| control field | 11722 |
| 003 - CONTROL NUMBER IDENTIFIER | |
| rucl marc code | BD-RjUL |
| 005 - DATE AND TIME OF LATEST TRANSACTION | |
| control field | 20211208235155.0 |
| 008 - FIXED-LENGTH DATA ELEMENTS--GENERAL INFORMATION | |
| fixed length control field | 140127s1951 n bdc|| |||| 001 0 eng d |
| 035 ## - SYSTEM CONTROL NUMBER | |
| System control number | (BD-RjUL)11771 |
| 040 ## - CATALOGING SOURCE | |
| Original cataloging agency | BD-RjUL |
| Language of cataloging | eng |
| Transcribing agency | BD-RjUL |
| 041 ## - LANGUAGE CODE | |
| Language code of text/sound track or separate title | eng |
| 082 04 - DEWEY DECIMAL CLASSIFICATION NUMBER | |
| Classification number | 575 |
| Author mark and year | SHE |
| 100 1# - MAIN ENTRY--PERSONAL NAME | |
| Personal name | Shull,Franklin A |
| 9 (RLIN) | 36268 |
| 245 ## - TITLE STATEMENT | |
| Title | Evolution / |
| Statement of responsibility, etc. | ,Franklin, A Shull |
| 250 ## - EDITION STATEMENT | |
| Edition statement | 2nd ed |
| 260 ## - PUBLICATION, DISTRIBUTION, ETC. (IMPRINT) | |
| Place of publication, distribution, etc. | New York ; |
| -- | London : |
| Name of publisher, distributor, etc. | McGraw-Hill , |
| Date of publication, distribution, etc. | c1951 |
| 300 ## - PHYSICAL DESCRIPTION | |
| Pagination | ix,322p. : |
| Illustrations | ill. ; |
| Size | 22cm. |
| 504 ## - BIBLIOGRAPHY, ETC. NOTE | |
| Bibliography, etc | Includes Index |
| 942 ## - ADDED ENTRY ELEMENTS (KOHA) | |
| Source of classification or shelving scheme | Dewey Decimal Classification |
| Koha item type | Books |
| Lost status | Source of classification or shelving scheme | Damaged status | Not for loan | Collection code | Permanent Location | Current Location | Shelving location | Date acquired | Source of acquisition | Cost, normal purchase price | Total Checkouts | Full call number | Date last seen | Copy number | Koha item type |
|---|---|---|---|---|---|---|---|---|---|---|---|---|---|---|---|
| Dewey Decimal Classification | Non-fiction | Central Library, University of Rajshahi | Central Library, University of Rajshahi | 16/02/1963 | Zeithlinger. | 0.00 | 575 SHE 1951 | 27/01/2014 | C-4 | Books | |||||
| Dewey Decimal Classification | Non-fiction | Central Library, University of Rajshahi | Central Library, University of Rajshahi | 16/02/1963 | Zeittinger | 575 SHE 1951 | 01/03/2014 | C-3 | Books | ||||||
| Dewey Decimal Classification | Not For Loan | Non-fiction | Central Library, University of Rajshahi | Central Library, University of Rajshahi | Reading Room | 16/02/1963 | Zeitlinger | 575 SHE 1951 | 10/04/2017 | C-1 | Books | ||||
| Dewey Decimal Classification | Non-fiction | Central Library, University of Rajshahi | Central Library, University of Rajshahi | 16/02/1963 | Zeitlinger | 575 SHE 1951 | 21/05/2017 | C-2 | Books | ||||||
| Dewey Decimal Classification | Non-fiction | Central Library, University of Rajshahi | Central Library, University of Rajshahi | 16/02/1963 | Zeitlinger | 575 SHE 1951 | 21/05/2017 | C-5 | Books |